| 000 | 00514nam a2200181 a 4500 | ||
|---|---|---|---|
| 001 | 000045567 | ||
| 003 | DO-SdBNP | ||
| 005 | 20220504131007.0 | ||
| 007 | ta | ||
| 008 | 150415s1993 dr r 000 0 spa d | ||
| 040 |
_aDO-SdBNP _bspa _cBNPHU |
||
| 082 | 4 | _222 | |
| 245 | 0 | 0 | _aRecopilación de disposiciones legales relacionadas con la vida municipal. |
| 250 | _a3a ed. | ||
| 260 |
_aSanto Domingo, República Dominicana : _bLiga Municipal Dominicana, _c1993. |
||
| 300 |
_a906 p. ; _c22 cm. |
||
| 942 |
_2ddc _cLBS1 |
||
| 999 |
_c45056 _d45056 |
||